<?xml version="1.0" encoding="UTF-8"?>
<marc:record xmlns:marc="http://www.loc.gov/MARC21/slim">
   <marc:leader>00000nam a2200000 a 4500</marc:leader>
   <marc:datafield ind1="1" ind2=" " tag="100">
      <marc:subfield code="a">MacLaverty, Bernard</marc:subfield>
      <marc:subfield code="4">aut</marc:subfield>
      <marc:subfield code="e">Verfasser/-in</marc:subfield>
   </marc:datafield>
   <marc:datafield ind1="0" ind2="0" tag="245">
      <marc:subfield code="a">Schnee in Amsterdam</marc:subfield>
   </marc:datafield>
   <marc:datafield ind1="0" ind2="0" tag="245">
      <marc:subfield code="b">Roman</marc:subfield>
   </marc:datafield>
   <marc:datafield ind1="0" ind2="0" tag="245">
      <marc:subfield code="c">Bernard MacLaverty. Aus dem Engl. von Hans-Christian Oeser</marc:subfield>
   </marc:datafield>
   <marc:datafield ind1=" " ind2="1" tag="264">
      <marc:subfield code="a">München</marc:subfield>
      <marc:subfield code="b">C. H. Beck</marc:subfield>
      <marc:subfield code="c">2018</marc:subfield>
   </marc:datafield>
   <marc:datafield ind1="1" ind2=" " tag="520">
      <marc:subfield code="a">Quelle: bn.bibliotheksnachrichten (http://www.biblio.at/literatur/bn/index.html); #Autor: Hertwiga Kröss; #Ein Wochenende in Amsterdam, das dazu genutzt wird, einiges aus dem Ehealltag zu klären. (DR)#Stella und Gerry buchen einen Wochenendaufenthalt in Amsterdam, um etwas Abwechslung in ihr Pensionistendasein zu bringen. Sie besuchen einige Sehenswürdigkeiten, bummeln durch die Stadt und obwohl sie sich immer noch lieben, spüren sie beide, dass eine grundlegende Entscheidung in ihrer Beziehung ansteht. Stella hat ein für sie beide traumatisches Erlebnis aus ihrer Vergangenheit noch nicht verarbeitet. Und für Gerry, der mit seinem Architektendasein bereits abgeschlossen hat und nichts mehr vom Leben erwartet, ist es höchste Zeit, eine Lösung für sein Alkoholproblem zu finden.#Der Autor erzählt in schnörkellosem Stil von den "einfachen" Problemen einer Beziehung, die jedoch in ihrer Summe ganz und gar nicht einfach zu bewältigen sind. Empfehlenswert.</marc:subfield>
   </marc:datafield>
   <marc:datafield ind1=" " ind2=" " tag="020">
      <marc:subfield code="a">9783406727009</marc:subfield>
      <marc:subfield code="9">9783406727009</marc:subfield>
   </marc:datafield>
   <marc:datafield ind1=" " ind2=" " tag="041">
      <marc:subfield code="a">ger</marc:subfield>
   </marc:datafield>
   <marc:datafield ind1=" " ind2=" " tag="300">
      <marc:subfield code="a">287 S.</marc:subfield>
   </marc:datafield>
</marc:record>
